000 00555nam a2200217Ia 4500
003 OSt
005 20220928144038.0
006 a|||||r|||| 00| 0
007 ta
008 220927b |||||||| |||| 00| 0 eng d
024 _a23739
037 _cTextual
040 _aSDCL
_cSDCL
_beng
041 _2eng
_aeng
082 _aX9:8, L2
100 _aBoyle Stanley E
_9506481
245 0 _aIndustrial organization
_b An empirical approach
260 _c1972
942 _hX9:8, L2
_cTEXL
_2CC
999 _c825684
_d825684